MARC

LEADER 00000nam0a2200000 4500
001 286051
005 20231101235844.0
020 |a RU  |b 85-41762 
035 |a (RuTPU)RU\TPU\book\310340 
090 |a 286051 
100 |a 20150303d1985 k y0rusy5003 ca 
101 0 |a rus 
102 |a RU 
105 |a y z 001zy 
200 1 |a Механика деформируемых сред  |f Московский государственный университет им. М. В. Ломоносова (МГУ) ; под ред. В. В. Козлова 
210 |a Москва  |c Изд-во МГУ  |d 1985 
215 |a 176 с.  |c ил. 
320 |a Библиография в конце статей 
606 |a Механика деформируемых сред  |2 stltpush  |3 (RuTPU)RU\TPU\subj\43565  |9 63052 
610 1 |a жидкости 
610 1 |a газы 
610 1 |a идеальная несжимаемая жидкость 
610 1 |a колебания 
610 1 |a теория волн 
610 1 |a газовая динамика 
610 1 |a прикладная аэродинамика 
610 1 |a твердые тела 
610 1 |a теория упругости 
610 1 |a пластичность 
610 1 |a композиционные материалы 
610 1 |a разрушение 
675 |a 539.37  |v 3 
702 1 |a Козлов  |b В. В.  |g Валерий Васильевич  |4 340 
712 0 2 |a Московский государственный университет им. М. В. Ломоносова (МГУ)  |2 stltpush  |3 (RuTPU)RU\TPU\col\7 
801 0 |a RU  |b RuMRKP  |c 19950704  |g psbo 
801 1 |a RU  |b 63413507  |c 20150303 
801 2 |a RU  |b 63413507  |c 20180219  |g RCR 
942 |c BK